000 00444nam a2200181Ia 4500
003 GCL
008 140319s9999 xx 000 0 aRus d
040 _aGCL /
_cGCL
082 0 4 _a862
_bS M
100 1 _aSARTRE, JEAN
245 1 0 _aLAS MOSCAS /
_cSARTRE, JEAN
260 _a[S.N] :
_bA LIANZA EDITORIAL ،
_c1987
300 _a121 P
650 0 4 _aLITERATURE
650 0 4 _aSPANISH LITERATURE
650 0 4 _aSPANISH DRAMA
942 _2ddc
_cBK
999 _c24457
_d24457